000 00559nam a2200193 a 4500
005 20240910063919.0
008 991125s1994 mx 000 0 spa u
020 _a9681645014
035 _aUPN01000033734
049 _aI
050 4 _aPZ31
_bF7.48
100 1 _aFrohlich, Roswitha
245 1 0 _aKasparavicius :
_bel pais de jauja /
_cRoswitha Frohlich ; tr. María Ofelia Arruti.
260 _aMéxico :
_bFCE,
_c1994.
300 _a[24] p. :
_bil.
440 0 _aA la orilla del viento
650 4 _aCuentos infantiles alemanes
_98589
905 _aInfantil
999 _c33734
_d33734